| 000 | 00609nam a2200205 a 4500 | ||
|---|---|---|---|
| 001 | 8287 | ||
| 003 | CO-ViMGA | ||
| 008 | 141112s2004 ck r 000 u spa d | ||
| 020 | _a9582002387 | ||
| 040 |
_aCO-ViMGA _bspa _cCO-ViMGA |
||
| 082 | 0 | 4 | _a808.831 D41p |
| 100 | 1 |
_aPena Gutierrez, Joaquin _98161 |
|
| 245 | 1 | 0 |
_aDias de asfalto / _cPena Gutierrez Joaquin |
| 260 |
_aBogotá, _cMagisterio, _c1995 |
||
| 300 | _a101 p. | ||
| 490 | _aMontana Magica | ||
| 590 | _aForma de adquisición : donacion - - Proveedor : Biblioteca Luis Ángel Arango | ||
| 650 | 1 | 4 |
_aViolencia - cuentos _98162 |
| 942 |
_2ddc _cBK |
||
| 999 |
_c20096 _d20096 |
||